00265pam a2200121a 44500008004100000041000800041100001800049245003000067250000600097260001600103300001700119440000700136230405s1986 xxu||||| |||| 00| 0 eng d aENG aWilliams R.E. aThe Manual of Lotus 1-2-3 a1 abBPBc1986 a251 P, 24 CM a80